00507nam a2200169Ia 450000500170000000800410001702000150005808200130007310000200008624500350010626000500014130000170019165000150020894200060022395200950022999900130032420240712060056.0240331s9999 xx 000 0 und d a0226476308 a194bSAR aSartreLevy, J.P 0aHope now :bthe 1980 interview aLondonbThe University of Chicago Pressc1996 avi, 135 p ., aPhilosophy cL 001040708LaWERCLbWERCLcSSCd2024-03-31l0o 194 SARp2261r2024-03-31w2024-03-31yL c763d763